| 000 | 00772cam a22002531 4500 | ||
|---|---|---|---|
| 999 |
_c6219 _d6219 |
||
| 001 | 6219 | ||
| 003 | BD-JhCC | ||
| 005 | 20180117104229.0 | ||
| 008 | 730529s1964 xx 000 0 eng | ||
| 035 | _a(BD-JhCC)6219 | ||
| 035 | _a(OCoLC)631191 | ||
| 040 |
_aDLC _cOFiC _dUk _dDLC _dBD-JhCC |
||
| 041 | _aeng | ||
| 050 | 0 | 0 |
_aSB91 _b.E3 1964 |
| 082 |
_a635 _bEDM 1964 |
||
| 100 | 1 |
_aEdmond, J. B. _q(Joseph Bailey), _d1964 |
|
| 245 | 1 | 0 |
_aFundamentals of horticulture / _ba textbook designed for courses in basic or general horticulture, _c[by] J. B. Edmond, T. L. Senn [and] F. S. Andrews. |
| 250 | _a3d ed. | ||
| 260 |
_aNew York, _bMcGraw-Hill _c1964. |
||
| 300 |
_axiv, 476 p. _billus., maps. _c24 cm. |
||
| 650 | 0 | _aHorticulture | |
| 942 |
_2ddc _cBK |
||